The five senses of man. With ninety-one woodcuts
Сохранить в:
| Главный автор: | |
|---|---|
| Формат: | |
| Язык: | английский |
| Опубликовано: |
Londres
Kegan Paul, Trench, & Co., 1 Paternoster Square
1876
|
| Редактирование: | 1a. ed |
| Серии: | International Scientific Series, XXI
|
| Предметы: | |
| Метки: |
Добавить метку
Нет меток, Требуется 1-ая метка записи!
|
MARC
| LEADER | 00000nam a2200000 a 4500 | ||
|---|---|---|---|
| 001 | UCJ7010 | ||
| 003 | CL-VaPUC | ||
| 008 | 070124e18760000UK |||||||||||||||||eng|d | ||
| 082 | 0 | 4 | |a 503 |b BER |2 21 |
| 100 | 0 | |a Bernstein, Julius |e author |9 514834 | |
| 245 | 1 | 4 | |a The five senses of man. With ninety-one woodcuts |
| 250 | |a 1a. ed | ||
| 300 | |a xiii, 304 p | ||
| 942 | |c BK | ||
| 945 | |d 20070124 00:00:00 |a rinostro | ||
| 260 | |a Londres |b Kegan Paul, Trench, & Co., 1 Paternoster Square |c 1876 | ||
| 500 | |a Ilustraciones conforme a lo señalado en índice | ||
| 650 | 0 | |a Psicología |9 257863 | |
| 650 | 7 | |a SENSACION |2 CL-VaPUC |9 334611 | |
| 650 | 0 | |a Sentidos |9 266023 | |
| 650 | 0 | |a Oído |9 348983 | |
| 650 | 0 | |a Vista |9 265397 | |
| 650 | 0 | |a Tacto |9 334902 | |
| 650 | 0 | |a Gusto |9 369353 | |
| 650 | 0 | |a Olfato |9 334604 | |
| 650 | 0 | |a Ilustraciones |9 369481 | |
| 583 | |a last modification |c 20070124 00:00:00 |k Rodrigo Vera | ||
| 490 | 0 | |a International Scientific Series, XXI | |
| 999 | |c 323112 |d 323110 | ||
| 952 | |0 0 |1 0 |4 0 |6 503_000000000000000_BER_1876 |7 0 |8 X |9 402428 |a FDOBUD |b FDOBUD |d 2019-11-22 |i 1020773 |o 503 BER 1876 |p 1020773 |r 2019-11-22 |w 2019-11-22 |y BK_X |k BUD | ||